00497cam a2200181 a 45000010005000000030008000050050017000130080039000300200017000690350018000860400034001040410008001380820026001461000034001722450050002062600033002563000026002891078BD-RjUL20211208233255.0131124s1986 enk 000 0 eng a0091617103 : a(BD-RjUL)1100 aDLCcDLCdDLCd(BD-RjUL)beng aeng00a824.914219bBUH 19861 aBurgess, Anthony,d1917-1993.10aHomage to QWERT YUIOP /cby Anthony Burgess. aLondon :bHutchinson,c1986. axiv, 589 p. ;c24 cm.